[Event "6th Ferdowsi International Chess Open Tournament"]
[Site "Mashhad"]
[Date "2016.02.01"]
[Round "4"]
[Board "11"]
[White "Ghaffarifar, Matin"]
[Black "Polyakov, Maxim"]
[Result "0-1"]
[WhiteElo "2054"]
[BlackElo "2444"]
[PlyCount "0"]
[EventDate "2016.01.29"]
[EventRounds "9"]
[EventCountry "IRI"]

1. d4 {[%clk 1:30:08]} Nf6 {[%clk 1:30:56]} 2. c4 {[%clk 1:30:25]} Nc6
{[%clk 1:30:22]} 3. Nc3 {[%clk 1:28:49]} e6 {[%clk 1:30:49]} 4. Nf3
{[%clk 1:26:44]} Bb4 {[%clk 1:31:13]} 5. Qc2 {[%clk 1:25:57]} Qe7
{[%clk 1:31:29]} 6. Bd2 {[%clk 1:15:46]} O-O {[%clk 1:30:35]} 7. e3
{[%clk 1:06:59]} Re8 {[%clk 1:29:16]} 8. a3 {[%clk 1:01:45]} Bxc3
{[%clk 1:29:19]} 9. Bxc3 {[%clk 1:02:04]} d6 {[%clk 1:29:40]} 10. d5
{[%clk 0:50:52]} Nb8 {[%clk 1:28:22]} 11. dxe6 {[%clk 0:47:02]} Bxe6
{[%clk 1:28:51]} 12. Ng5 {[%clk 0:45:51]} h6 {[%clk 1:28:24]} 13. Nxe6
{[%clk 0:37:48]} Qxe6 {[%clk 1:28:46]} 14. Bd3 {[%clk 0:34:03]} Ne4
{[%clk 1:28:24]} 15. Bxe4 {[%clk 0:29:01]} Qxe4 {[%clk 1:28:33]} 16. Qxe4
{[%clk 0:29:26]} Rxe4 {[%clk 1:28:57]} 17. b3 {[%clk 0:29:53]} a5
{[%clk 1:29:20]} 18. Kd2 {[%clk 0:25:54]} Nd7 {[%clk 1:29:22]} 19. f3
{[%clk 0:20:56]} Re6 {[%clk 1:29:28]} 20. e4 {[%clk 0:19:17]} Nc5
{[%clk 1:29:28]} 21. Kc2 {[%clk 0:19:42]} a4 {[%clk 1:29:53]} 22. b4
{[%clk 0:20:11]} Nb3 {[%clk 1:30:22]} 23. Rad1 {[%clk 0:20:06]} f5
{[%clk 1:30:29]} 24. Rde1 {[%clk 0:13:23]} fxe4 {[%clk 1:30:10]} 25. fxe4
{[%clk 0:12:18]} Rf8 {[%clk 1:30:37]} 26. Re2 {[%clk 0:12:35]} c6
{[%clk 1:28:08]} 27. Rhe1 {[%clk 0:10:04]} Rfe8 {[%clk 1:27:09]} 28. Bb2
{[%clk 0:04:02]} R8e7 {[%clk 1:25:50]} 29. Kd3 {[%clk 0:03:32]} Kf8
{[%clk 1:25:37]} 30. Rf2+ {[%clk 0:02:46]} Ke8 {[%clk 1:25:43]} 31. Rfe2
{[%clk 0:03:05]} Rd7 {[%clk 1:24:35]} 32. Rf1 {[%clk 0:02:57]} Rde7
{[%clk 1:24:12]} 33. Rfe1 {[%clk 0:03:22]} Rf7 {[%clk 1:21:47]} 34. Re3
{[%clk 0:02:39]} Rg6 {[%clk 1:21:13]} 35. R3e2 {[%clk 0:02:51]} Kd7
{[%clk 1:21:18]} 36. e5 {[%clk 0:02:01]} Re7 {[%clk 1:19:50]} 37. exd6
{[%clk 0:01:16]} Rxd6+ {[%clk 1:20:11]} 38. Kc2 {[%clk 0:01:41]} Rxe2+
{[%clk 1:19:53]} 39. Rxe2 {[%clk 0:02:09]} Nd4+ {[%clk 1:20:13]} 40. Bxd4
{[%clk 0:02:33]} Rxd4 {[%clk 1:20:42]} 41. Rd2 {[%clk 0:01:12]} Rxd2+
{[%clk 1:21:02]} 42. Kxd2 {[%clk 0:01:41]} Kd6 {[%clk 1:21:12]} 43. Kd3
{[%clk 0:01:06]} Ke5 {[%clk 1:21:32]} 44. Ke3 {[%clk 0:00:55]} b6
{[%clk 1:21:04]} 45. Kd3 {[%clk 0:00:49]} h5 {[%clk 1:09:39]} 46. Ke3
{[%clk 0:00:47]} h4 {[%clk 1:08:20]} 47. Kd3 {[%clk 0:00:54]} g6 {[%clk 1:05:39]}
48. Ke3 {[%clk 0:00:54]} b5 {[%clk 1:01:47]} 49. cxb5 {[%clk 0:00:46]} cxb5
{[%clk 1:02:16]} 50. g3 {[%clk 0:00:41]} Kd5 {[%clk 1:01:02]} 51. Kd3
{[%clk 0:00:40]} h3 {[%clk 1:01:10]} 52. g4 {[%clk 0:00:41]} g5 {[%clk 1:01:09]}
53. Ke3 {[%clk 0:00:38]} Kc4 {[%clk 1:01:24]} 54. Ke4 {[%clk 0:00:57]} Kb3
{[%clk 1:01:43]} 55. Kd3 {[%clk 0:00:33]} Kb2 {[%clk 1:01:47]} 56. Kd2
{[%clk 0:00:58]} Ka1 {[%clk 1:02:05]} 57. Kc1 {[%clk 0:01:12]} Ka2
{[%clk 1:02:31]} 58. Kc2 {[%clk 0:01:38]} Kxa3 {[%clk 1:02:33]} 59. Kc3
{[%clk 0:02:04]} Ka2 {[%clk 1:02:53]} 60. Kc2 {[%clk 0:02:33]} a3
{[%clk 1:03:14]} 0-1

[Event "6th Ferdowsi International Chess Open Tournament"]
[Site "Mashhad"]
[Date "2016.02.01"]
[Round "4"]
[Board "12"]
[White "Kazemiyan Eski, Abolfazl"]
[Black "Abedi, Abolfazl"]
[Result "1/2-1/2"]
[WhiteElo "2093"]
[BlackElo "2085"]
[PlyCount "0"]
[EventDate "2016.01.29"]
[EventRounds "9"]
[EventCountry "IRI"]

1. e4 {[%clk 1:30:57]} c5 {[%clk 1:29:21]} 2. d4 {[%clk 1:31:03]} cxd4
{[%clk 1:29:45]} 3. c3 {[%clk 1:31:10]} Nf6 {[%clk 1:29:13]} 4. e5
{[%clk 1:31:07]} Nd5 {[%clk 1:27:32]} 5. cxd4 {[%clk 1:30:52]} d6
{[%clk 1:26:45]} 6. Nf3 {[%clk 1:30:38]} Nc6 {[%clk 1:27:07]} 7. Bc4
{[%clk 1:27:32]} Nb6 {[%clk 1:25:08]} 8. Bb3 {[%clk 1:27:41]} dxe5
{[%clk 1:07:48]} 9. Nxe5 {[%clk 1:27:05]} Nxe5 {[%clk 1:07:56]} 10. dxe5
{[%clk 1:27:25]} Qxd1+ {[%clk 1:08:05]} 11. Bxd1 {[%clk 1:27:47]} g6
{[%clk 1:07:17]} 12. O-O {[%clk 1:27:34]} Bg7 {[%clk 1:03:19]} 13. f4
{[%clk 1:27:10]} O-O {[%clk 0:59:52]} 14. Nc3 {[%clk 1:24:11]} Bd7
{[%clk 0:59:02]} 15. Bf3 {[%clk 1:23:53]} Bc6 {[%clk 0:54:32]} 16. Bxc6
{[%clk 1:20:46]} bxc6 {[%clk 0:54:44]} 17. Be3 {[%clk 1:19:47]} f6
{[%clk 0:54:25]} 18. e6 {[%clk 1:15:27]} Nc4 {[%clk 0:51:16]} 19. Bc5
{[%clk 1:08:52]} f5 {[%clk 0:42:08]} 20. Na4 {[%clk 1:01:20]} Nxb2
{[%clk 0:07:36]} 21. Nxb2 {[%clk 1:01:22]} Bxb2 {[%clk 0:08:03]} 22. Rab1
{[%clk 1:01:50]} Bf6 {[%clk 0:07:10]} 23. Rb7 {[%clk 1:02:14]} Rfd8
{[%clk 0:07:08]} 24. Rc7 {[%clk 0:58:50]} Kf8 {[%clk 0:06:11]} 25. Rxc6
{[%clk 0:58:08]} Rdc8 {[%clk 0:06:23]} 26. Rxc8+ {[%clk 0:57:05]} Rxc8
{[%clk 0:06:47]} 27. Bxa7 {[%clk 0:57:29]} Ra8 {[%clk 0:07:14]} 28. Bf2
{[%clk 0:51:51]} Rxa2 {[%clk 0:06:38]} 29. Re1 {[%clk 0:52:02]} Kg7
{[%clk 0:04:36]} 30. Kf1 {[%clk 0:50:09]} h6 {[%clk 0:04:11]} 31. g3
{[%clk 0:50:08]} Ra1 {[%clk 0:02:58]} 32. Bc5 {[%clk 0:49:40]} Rxe1+
{[%clk 0:03:02]} 33. Kxe1 {[%clk 0:49:48]} Bc3+ {[%clk 0:03:26]} 34. Ke2
{[%clk 0:49:53]} Kf6 {[%clk 0:03:35]} 35. Kd3 {[%clk 0:50:06]} Ba1
{[%clk 0:03:53]} 36. h3 {[%clk 0:43:54]} h5 {[%clk 0:02:43]} 37. Kc4
{[%clk 0:42:42]} Kxe6 {[%clk 0:03:04]} 38. Bf2 {[%clk 0:42:36]} Bb2
{[%clk 0:03:14]} 39. Bc5 {[%clk 0:40:49]} Bf6 {[%clk 0:02:36]} 40. h4
{[%clk 0:41:08]} Kd7 {[%clk 0:02:48]} 41. Bf2 {[%clk 0:39:04]} Kc6
{[%clk 0:03:08]} 42. Be3 {[%clk 0:39:05]} e6 {[%clk 0:03:07]} 43. Bd2
{[%clk 0:39:15]} Bd8 {[%clk 0:03:15]} 44. Kd4 {[%clk 0:38:11]} Bf6+
{[%clk 0:03:07]} 45. Kc4 {[%clk 0:38:40]} Be7 {[%clk 0:02:55]} 46. Kd4
{[%clk 0:38:46]} Bf6+ {[%clk 0:02:35]} 47. Kc4 {[%clk 0:39:15]} Bb2
{[%clk 0:02:32]} 48. Be3 {[%clk 0:38:37]} Ba1 {[%clk 0:02:13]} 49. Bc1
{[%clk 0:38:38]} e5 {[%clk 0:02:11]} 50. Bd2 {[%clk 0:35:11]} e4 {[%clk 0:02:20]}
51. Be3 {[%clk 0:35:00]} Bb2 {[%clk 0:02:45]} 52. Bd2 {[%clk 0:34:48]} Bf6
{[%clk 0:02:54]} 53. Be1 {[%clk 0:34:56]} Bd8 {[%clk 0:03:16]} 54. Kd4
{[%clk 0:35:04]} Bf6+ {[%clk 0:02:52]} 55. Kc4 {[%clk 0:35:32]} Bd8
{[%clk 0:03:01]} 56. Kd4 {[%clk 0:35:55]} Kd6 {[%clk 0:03:22]} 57. Bb4+
{[%clk 0:35:19]} Ke6 {[%clk 0:03:38]} 58. Ke3 {[%clk 0:33:28]} Bb6+
{[%clk 0:04:02]} 59. Ke2 {[%clk 0:33:55]} Kd5 {[%clk 0:04:25]} 60. Bc3
{[%clk 0:33:21]} Bg1 {[%clk 0:04:43]} 61. Be1 {[%clk 0:33:33]} Kc4
{[%clk 0:03:44]} 62. Kf1 {[%clk 0:32:56]} Bd4 {[%clk 0:04:04]} 63. Ke2
{[%clk 0:33:16]} Kb3 {[%clk 0:03:44]} 64. Bd2 {[%clk 0:32:59]} Kc2
{[%clk 0:04:00]} 65. Ba5 {[%clk 0:32:54]} Bg1 {[%clk 0:03:15]} 66. Kf1
{[%clk 0:32:35]} Bc5 {[%clk 0:03:03]} 67. Ke2 {[%clk 0:33:00]} Kb3
{[%clk 0:02:52]} 68. Bc7 {[%clk 0:31:27]} Kc4 {[%clk 0:03:12]} 69. Ba5
{[%clk 0:31:46]} e3 {[%clk 0:03:22]} 70. Bc7 {[%clk 0:31:44]} Kd4
{[%clk 0:03:36]} 71. Be5+ {[%clk 0:30:27]} Ke4 {[%clk 0:03:53]} 72. Bc7
{[%clk 0:30:50]} Bd4 {[%clk 0:03:26]} 73. Bd6 {[%clk 0:30:57]} Kd5
{[%clk 0:02:39]} 74. Bb4 {[%clk 0:31:15]} Kc4 {[%clk 0:02:46]} 75. Ba3
{[%clk 0:31:03]} Kd5 {[%clk 0:02:37]} 76. Bb4 {[%clk 0:31:31]} Ke4 77. Bd6
{[%clk 0:31:52]} Bf6 {[%clk 0:02:14]} 78. Bc5 {[%clk 0:31:54]} Bd4
{[%clk 0:02:18]} 79. Bd6 {[%clk 0:32:11]} Bb6

[Event "6th Ferdowsi International Chess Open Tournament"]
[Site "Mashhad"]
[Date "2016.02.01"]
[Round "5"]
[Board "3"]
[White "Darini, Pouria"]
[Black "Ghaem Maghami, Ehsan"]
[Result "1/2-1/2"]
[WhiteElo "2474"]
[BlackElo "2594"]
[PlyCount "0"]
[EventDate "2016.01.29"]
[EventRounds "9"]
[EventCountry "IRI"]

1. e4 {[%clk 1:27:12]} c5 {[%clk 1:30:45]} 2. Nf3 {[%clk 1:27:33]} e6
{[%clk 1:31:08]} 3. d4 {[%clk 1:25:38]} cxd4 {[%clk 1:31:31]} 4. Nxd4
{[%clk 1:26:02]} a6 {[%clk 1:31:54]} 5. Be2 {[%clk 1:25:06]} Nf6 {[%clk 1:32:08]}
6. Nc3 {[%clk 1:25:30]} Qc7 {[%clk 1:29:50]} 7. O-O {[%clk 1:25:47]} Be7
{[%clk 1:28:36]} 8. Be3 {[%clk 1:23:36]} d6 {[%clk 1:23:54]} 9. a4 b6
{[%clk 1:19:18]} 10. f4 {[%clk 1:23:53]} Bb7 {[%clk 1:19:24]} 11. Bf3
{[%clk 1:24:11]} Nbd7 {[%clk 1:18:59]} 12. Qe2 {[%clk 1:24:21]} O-O 13. Bf2
{[%clk 0:47:49]} g6 {[%clk 1:02:36]} 14. Nb3 {[%clk 0:29:19]} e5 {[%clk 0:55:27]}
15. g3 {[%clk 0:27:38]} Rac8 {[%clk 0:52:52]} 16. Bg2 {[%clk 0:21:00]} Rfe8
{[%clk 0:52:20]} 17. fxe5 {[%clk 0:20:56]} dxe5 {[%clk 0:37:24]} 18. Rad1
{[%clk 0:20:59]} 1/2-1/2

[Event "6th Ferdowsi International Chess Open Tournament"]
[Site "Mashhad"]
[Date "2016.02.01"]
[Round "5"]
[Board "4"]
[White "Grigoryan, Karen H."]
[Black "Chigaev, Maksim"]
[Result "0-1"]
[WhiteElo "2602"]
[BlackElo "2526"]
[PlyCount "0"]
[EventDate "2016.01.29"]
[EventRounds "9"]
[EventCountry "IRI"]

1. d4 {[%clk 1:29:57]} Nf6 {[%clk 1:30:44]} 2. Bg5 {[%clk 1:30:11]} Ne4
{[%clk 1:29:46]} 3. Bf4 {[%clk 1:30:15]} d5 {[%clk 1:30:05]} 4. f3
{[%clk 1:28:14]} Nf6 {[%clk 1:29:48]} 5. e3 {[%clk 1:24:38]} e6 {[%clk 1:26:37]}
6. Bd3 {[%clk 1:22:45]} c5 {[%clk 1:26:14]} 7. c3 {[%clk 1:22:24]} Nc6
{[%clk 1:24:55]} 8. Ne2 {[%clk 1:21:45]} Be7 9. Bg5 Qb6 {[%clk 1:17:20]} 10. Qb3
{[%clk 1:13:14]} Qc7 {[%clk 1:10:24]} 11. Bf4 {[%clk 1:09:39]} Qd8
{[%clk 1:07:12]} 12. Bb5 {[%clk 1:05:38]} O-O {[%clk 1:06:47]} 13. Nd2
{[%clk 1:02:49]} Nh5 {[%clk 1:01:32]} 14. Bg3 {[%clk 1:00:40]} a6
{[%clk 0:53:48]} 15. Bxc6 {[%clk 1:00:36]} bxc6 {[%clk 0:54:12]} 16. Nf4
{[%clk 0:57:54]} Nxg3 {[%clk 0:49:58]} 17. hxg3 {[%clk 0:58:07]} a5
{[%clk 0:49:51]} 18. Qc2 {[%clk 0:56:25]} h6 {[%clk 0:49:32]} 19. Nd3
{[%clk 0:55:46]} cxd4 {[%clk 0:48:30]} 20. cxd4 {[%clk 0:55:47]} Ba6
{[%clk 0:48:12]} 21. Ne5 {[%clk 0:50:24]} Bd6 {[%clk 0:39:16]} 22. f4
{[%clk 0:45:03]} c5 {[%clk 0:38:38]} 23. dxc5 {[%clk 0:45:14]} Bxe5
{[%clk 0:38:52]} 24. fxe5 {[%clk 0:45:36]} Qg5 {[%clk 0:39:11]} 25. Kf2
{[%clk 0:45:11]} Qxe5 {[%clk 0:38:30]} 26. Nf3 {[%clk 0:45:13]} Qf6
{[%clk 0:37:44]} 27. g4 {[%clk 0:43:23]} Rab8 {[%clk 0:33:36]} 28. b3
{[%clk 0:43:28]} Rfc8 {[%clk 0:33:03]} 29. Rac1 {[%clk 0:39:50]} Rb5
{[%clk 0:26:50]} 30. c6 {[%clk 0:38:10]} Rb6 {[%clk 0:25:00]} 31. c7
{[%clk 0:23:12]} Rb7 {[%clk 0:24:14]} 32. Qd2 {[%clk 0:20:47]} Rbxc7
{[%clk 0:23:01]} 33. Rxc7 {[%clk 0:21:04]} Rxc7 {[%clk 0:23:26]} 34. Qxa5
{[%clk 0:21:03]} Rc2+ {[%clk 0:22:15]} 35. Kg3 {[%clk 0:21:22]} Bc8
{[%clk 0:17:18]} 36. a4 {[%clk 0:17:46]} e5 {[%clk 0:13:47]} 37. Qxd5
{[%clk 0:10:19]} Bxg4 {[%clk 0:14:10]} 38. Qa8+ {[%clk 0:09:42]} Bc8
{[%clk 0:13:11]} 39. Qe4 {[%clk 0:06:57]} Bf5 {[%clk 0:13:28]} 40. Qa8+
{[%clk 0:07:21]} Rc8 {[%clk 0:09:32]} 41. Qd5 {[%clk 0:07:19]} Qg6+
{[%clk 0:09:55]} 42. Kf2 {[%clk 0:07:18]} Be4 {[%clk 0:08:37]} 43. Qd7
{[%clk 0:06:04]} Rc2+ {[%clk 0:08:58]} 0-1

[Event "6th Ferdowsi International Chess Open Tournament"]
[Site "Mashhad"]
[Date "2016.02.01"]
[Round "5"]
[Board "5"]
[White "Bocharov, Dmitry"]
[Black "Mousavi, Seyed Khalil"]
[Result "1-0"]
[WhiteElo "2567"]
[BlackElo "2425"]
[PlyCount "0"]
[EventDate "2016.01.29"]
[EventRounds "9"]
[EventCountry "IRI"]

1. Nf3 {[%clk 1:21:17]} Nf6 {[%clk 1:29:50]} 2. g3 {[%clk 1:21:38]} d5
{[%clk 1:30:02]} 3. Bg2 {[%clk 1:21:58]} e6 {[%clk 1:29:29]} 4. O-O
{[%clk 1:21:03]} Be7 {[%clk 1:29:53]} 5. c4 {[%clk 1:19:54]} O-O {[%clk 1:30:05]}
6. b3 {[%clk 1:20:12]} c5 {[%clk 1:30:27]} 7. e3 {[%clk 1:20:35]} Nc6
{[%clk 1:28:09]} 8. Bb2 {[%clk 1:20:20]} d4 {[%clk 1:27:11]} 9. exd4 cxd4
{[%clk 1:25:09]} 10. Re1 {[%clk 1:19:02]} Bd6 {[%clk 1:24:30]} 11. a3 a5
{[%clk 1:22:44]} 12. Nxd4 {[%clk 1:12:11]} Nxd4 {[%clk 1:21:46]} 13. Bxd4
{[%clk 1:12:33]} Bxg3 {[%clk 1:22:12]} 14. hxg3 {[%clk 1:12:58]} Qxd4
{[%clk 1:22:37]} 15. Nc3 {[%clk 1:13:21]} Rd8 {[%clk 1:19:24]} 16. Qf3
{[%clk 0:59:15]} Rb8 {[%clk 1:07:21]} 17. Rad1 {[%clk 0:54:23]} Bd7
{[%clk 1:04:41]} 18. Qe3 {[%clk 0:41:54]} Bc6 {[%clk 1:03:05]} 19. Nd5
{[%clk 0:35:22]} Qxe3 {[%clk 1:01:08]} 20. Nxf6+ {[%clk 0:35:39]} gxf6
{[%clk 1:01:32]} 21. dxe3 {[%clk 0:35:31]} Bxg2 {[%clk 0:55:41]} 22. Kxg2
{[%clk 0:35:52]} Rbc8 {[%clk 0:54:13]} 23. a4 {[%clk 0:27:37]} Rxd1
{[%clk 0:53:00]} 24. Rxd1 {[%clk 0:27:59]} Rc6 {[%clk 0:53:12]} 25. Kf3
{[%clk 0:27:48]} Kf8 {[%clk 0:51:27]} 26. Ke2 {[%clk 0:09:52]} Ke7
{[%clk 0:49:47]} 27. Rb1 {[%clk 0:09:47]} Rd6 {[%clk 0:46:45]} 28. b4
{[%clk 0:07:49]} axb4 {[%clk 0:44:54]} 29. Rxb4 {[%clk 0:08:13]} Rd7
{[%clk 0:41:06]} 30. Rb1 {[%clk 0:06:08]} f5 {[%clk 0:38:59]} 31. Rd1
{[%clk 0:03:28]} Rc7 {[%clk 0:37:29]} 32. Kd3 {[%clk 0:03:40]} e5
{[%clk 0:18:23]} 33. Rh1 {[%clk 0:03:15]} Rc6 {[%clk 0:17:49]} 34. Kc3
{[%clk 0:03:19]} Ra6 {[%clk 0:16:11]} 35. Kb3 {[%clk 0:01:16]} Rb6+
{[%clk 0:14:42]} 36. Ka3 {[%clk 0:01:39]} Rc6 {[%clk 0:14:24]} 37. Kb4
{[%clk 0:02:03]} Rb6+ {[%clk 0:14:28]} 38. Ka3 {[%clk 0:02:31]} Rc6
{[%clk 0:14:46]} 39. Rb1 {[%clk 0:02:55]} b6 {[%clk 0:12:20]} 40. Kb4
{[%clk 0:03:06]} Kd7 {[%clk 0:10:59]} 41. Rd1+ {[%clk 0:01:21]} Kc7
{[%clk 0:10:33]} 42. Rd5 {[%clk 0:01:32]} Re6 {[%clk 0:10:48]} 43. Kb5
{[%clk 0:01:49]} h5 {[%clk 0:08:44]} 44. c5 {[%clk 0:00:54]} f6 {[%clk 0:08:23]}
45. Rd6 {[%clk 0:00:47]} Re7 {[%clk 0:07:15]} 46. Rc6+ {[%clk 0:01:09]} 1-0

[Event "6th Ferdowsi International Chess Open Tournament"]
[Site "Mashhad"]
[Date "2016.02.01"]
[Round "5"]
[Board "6"]
[White "Gagunashvili, Merab"]
[Black "Rasulov, Vugar"]
[Result "1/2-1/2"]
[WhiteElo "2541"]
[BlackElo "2493"]
[PlyCount "0"]
[EventDate "2016.01.29"]
[EventRounds "9"]
[EventCountry "IRI"]

1. c4 {[%clk 1:30:19]} g6 {[%clk 1:30:23]} 2. d4 {[%clk 1:30:03]} Bg7
{[%clk 1:29:59]} 3. e4 {[%clk 1:29:44]} d6 {[%clk 1:29:23]} 4. Nc3
{[%clk 1:29:51]} Nf6 {[%clk 1:29:26]} 5. Nf3 {[%clk 1:29:02]} O-O
{[%clk 1:29:47]} 6. Be2 {[%clk 1:29:29]} e5 {[%clk 1:30:00]} 7. O-O
{[%clk 1:29:52]} Na6 {[%clk 1:28:50]} 8. Re1 {[%clk 1:21:20]} c6 9. Bg5
{[%clk 1:15:28]} exd4 {[%clk 1:23:11]} 10. Nxd4 h6 {[%clk 1:19:56]} 11. Be3
{[%clk 1:07:29]} Re8 {[%clk 1:16:26]} 12. f3 {[%clk 1:07:04]} Nc7
{[%clk 1:04:07]} 13. Qd2 {[%clk 1:06:33]} Kh7 {[%clk 1:03:27]} 14. Rad1
{[%clk 1:05:59]} Re7 {[%clk 0:57:43]} 15. Nb3 {[%clk 0:59:28]} Rd7
{[%clk 0:56:51]} 16. f4 {[%clk 0:57:11]} b6 {[%clk 0:54:27]} 17. Qc2
{[%clk 0:55:17]} Bb7 {[%clk 0:53:23]} 18. Bf3 {[%clk 0:54:39]} Qe7
{[%clk 0:50:55]} 19. Bf2 {[%clk 0:49:54]} Ne6 {[%clk 0:49:48]} 20. Qc1
{[%clk 0:48:48]} Re8 {[%clk 0:45:26]} 21. Bh4 {[%clk 0:46:57]} Qf8
{[%clk 0:41:33]} 22. Kh1 {[%clk 0:39:28]} Rc7 {[%clk 0:38:21]} 23. Bg3
{[%clk 0:37:50]} Rd8 {[%clk 0:37:52]} 24. Rd2 {[%clk 0:37:02]} Rcd7
{[%clk 0:33:40]} 25. Red1 {[%clk 0:37:08]} h5 {[%clk 0:31:14]} 26. Ne2
{[%clk 0:36:44]} Bh6 {[%clk 0:29:08]} 27. Qc3 {[%clk 0:35:12]} Qg7
{[%clk 0:26:59]} 28. Rd3 {[%clk 0:32:45]} Qh8 {[%clk 0:22:56]} 29. Bh4
{[%clk 0:31:07]} g5 {[%clk 0:22:05]} 30. fxg5 {[%clk 0:31:05]} Bxg5
{[%clk 0:22:12]} 31. Bg3 {[%clk 0:25:09]} c5 {[%clk 0:18:56]} 32. Qc2
{[%clk 0:20:39]} Kg8 {[%clk 0:19:04]} 33. Rxd6 {[%clk 0:19:40]} h4
{[%clk 0:18:46]} 34. Rxd7 {[%clk 0:19:17]} Nxd7 {[%clk 0:18:47]} 35. Be1
{[%clk 0:18:05]} Ne5 {[%clk 0:18:21]} 36. Rxd8+ {[%clk 0:18:26]} Bxd8
{[%clk 0:18:44]} 37. Bc3 {[%clk 0:16:45]} Bf6 {[%clk 0:19:06]} 38. Nd2
{[%clk 0:15:57]} Qh6 {[%clk 0:18:14]} 39. Nf1 {[%clk 0:15:27]} h3
{[%clk 0:18:16]} 40. Qd2 {[%clk 0:12:48]} Qg6 {[%clk 0:17:26]} 41. Bxe5
{[%clk 0:11:15]} Bxe5 {[%clk 0:17:54]} 42. Nfg3 {[%clk 0:11:15]} Ng5
{[%clk 0:13:42]} 43. Qd7 {[%clk 0:09:22]} Bc6 {[%clk 0:12:22]} 44. Qc8+
{[%clk 0:09:04]} Kh7 {[%clk 0:12:43]} 45. Bg4 {[%clk 0:08:45]} hxg2+
{[%clk 0:12:54]} 46. Kg1 {[%clk 0:08:31]} Qf6 {[%clk 0:10:35]} 47. Bf5+
{[%clk 0:06:43]} Kh6 {[%clk 0:11:04]} 48. Kxg2 {[%clk 0:06:12]} Ne6
{[%clk 0:08:16]} 49. b3 {[%clk 0:02:35]} Nd4 {[%clk 0:06:15]} 50. Nxd4
{[%clk 0:02:26]} cxd4 {[%clk 0:06:44]} 51. Qf8+ {[%clk 0:02:20]} Qg7
{[%clk 0:06:00]} 52. Qc8 {[%clk 0:02:45]} Qf6 {[%clk 0:06:18]} 53. Qf8+
{[%clk 0:02:50]} Qg7 {[%clk 0:06:47]} 54. Qc8 {[%clk 0:01:35]} Qf6
{[%clk 0:06:51]} 55. Qf8+ {[%clk 0:01:31]} Qd8 1/2-1/2

[Event "6th Ferdowsi International Chess Open Tournament"]
[Site "Mashhad"]
[Date "2016.02.01"]
[Round "5"]
[Board "7"]
[White "Polyakov, Maxim"]
[Black "Gabuzyan, Hovhannes"]
[Result "1/2-1/2"]
[WhiteElo "2444"]
[BlackElo "2585"]
[PlyCount "0"]
[EventDate "2016.01.29"]
[EventRounds "9"]
[EventCountry "IRI"]

1. c4 {[%clk 1:27:48]} g6 {[%clk 1:30:49]} 2. g3 {[%clk 1:28:09]} Bg7
{[%clk 1:31:13]} 3. Bg2 {[%clk 1:28:33]} c5 {[%clk 1:31:35]} 4. Nc3
{[%clk 1:28:57]} Nc6 {[%clk 1:32:01]} 5. e4 {[%clk 1:27:58]} e6 {[%clk 1:32:09]}
6. Nge2 {[%clk 1:28:16]} Nge7 {[%clk 1:32:32]} 7. d3 {[%clk 1:28:24]} d6
{[%clk 1:32:57]} 8. Be3 {[%clk 1:28:24]} Nd4 {[%clk 1:33:21]} 9. Qd2
{[%clk 1:27:52]} Nec6 {[%clk 1:33:16]} 10. O-O {[%clk 1:27:50]} O-O
{[%clk 1:33:15]} 11. Bh6 {[%clk 1:25:23]} Ne5 {[%clk 1:28:07]} 12. Nxd4
{[%clk 1:22:17]} Bxh6 {[%clk 1:27:51]} 13. Qxh6 {[%clk 1:22:31]} cxd4
{[%clk 1:28:18]} 14. Ne2 Nxd3 {[%clk 1:27:18]} 15. Qd2 {[%clk 1:22:30]} Ne5
{[%clk 1:27:45]} 16. Qxd4 {[%clk 1:22:10]} Nc6 {[%clk 1:28:04]} 17. Qd2
{[%clk 1:20:13]} e5 {[%clk 1:28:26]} 18. h3 {[%clk 1:19:46]} Be6 {[%clk 1:28:16]}
19. b3 Qd7 {[%clk 1:23:33]} 20. Kh2 {[%clk 1:20:37]} a5 {[%clk 1:23:54]} 21. Nc3
{[%clk 1:16:00]} Nd4 {[%clk 1:23:15]} 22. Ne2 {[%clk 1:16:28]} Nc6
{[%clk 1:23:01]} 23. Nc3 {[%clk 1:16:56]} Nd4 {[%clk 1:21:32]} 24. Ne2
{[%clk 1:17:24]} Nxe2 {[%clk 1:21:42]} 25. Qxe2 {[%clk 1:17:53]} a4
{[%clk 1:22:07]} 26. f4 {[%clk 1:13:43]} exf4 {[%clk 1:21:32]} 27. gxf4
{[%clk 1:13:41]} Rfe8 {[%clk 1:21:49]} 28. Rad1 {[%clk 1:12:44]} axb3
{[%clk 1:21:58]} 29. axb3 {[%clk 1:13:13]} Ra3 {[%clk 1:17:48]} 30. Qb2
{[%clk 1:13:01]} Rea8 {[%clk 1:16:26]} 31. f5 {[%clk 1:10:37]} gxf5
{[%clk 1:16:06]} 32. Rd3 {[%clk 1:10:56]} fxe4 {[%clk 1:12:12]} 33. Rg3+
{[%clk 1:10:16]} Kf8 {[%clk 1:12:41]} 34. Qh8+ {[%clk 1:07:17]} Ke7
{[%clk 1:13:10]} 35. Qf6+ {[%clk 1:07:38]} Kf8 {[%clk 1:13:37]} 36. Qh6+
{[%clk 1:05:17]} Ke7 {[%clk 1:13:56]} 37. Qh4+ {[%clk 1:05:05]} Kf8
{[%clk 1:14:17]} 38. Qxh7 {[%clk 1:04:02]} Qc7 {[%clk 1:11:44]} 39. Qxe4
{[%clk 0:57:45]} Re8 {[%clk 1:10:33]} 40. Qh4 {[%clk 0:55:17]} Ra2
{[%clk 0:54:46]} 41. Rf6 {[%clk 0:52:15]} Rxg2+ {[%clk 0:52:30]} 42. Rxg2
{[%clk 0:51:20]} d5+ {[%clk 0:52:54]} 43. Qf4 {[%clk 0:48:51]} Qxf4+
{[%clk 0:53:18]} 44. Rxf4 {[%clk 0:49:19]} dxc4 {[%clk 0:53:40]} 45. bxc4
{[%clk 0:49:45]} Rc8 {[%clk 0:54:07]} 46. Rb2 {[%clk 0:45:34]} Rxc4
{[%clk 0:54:14]} 47. Rxc4 {[%clk 0:46:00]} Bxc4 {[%clk 0:54:41]} 48. Rxb7
{[%clk 0:46:11]} Kg7 {[%clk 0:55:02]} 49. Kg3 {[%clk 0:46:05]} Be6
{[%clk 0:53:47]} 50. h4 {[%clk 0:46:21]} Kh7 {[%clk 0:54:08]} 51. Kf4
{[%clk 0:46:38]} Kh6 {[%clk 0:54:34]} 52. Rb8 {[%clk 0:46:26]} Kh7
{[%clk 0:54:59]} 53. Kg5 {[%clk 0:46:42]} Kg7 {[%clk 0:55:25]} 54. Rb7
{[%clk 0:46:50]} Bd5 {[%clk 0:55:54]} 55. Rb1 {[%clk 0:42:09]} Be6
{[%clk 0:56:14]} 56. Rg1 {[%clk 0:42:22]} Bb3 {[%clk 0:55:28]} 57. Kf5+
{[%clk 0:42:40]} Kh7 {[%clk 0:55:53]} 58. Kf6 {[%clk 0:42:55]} Be6
{[%clk 0:56:17]} 59. Ke7 {[%clk 0:41:56]} Bb3 {[%clk 0:53:42]} 60. Rg3
{[%clk 0:41:56]} Be6 {[%clk 0:53:16]} 61. Rg5 {[%clk 0:41:51]} Bc4
{[%clk 0:51:56]} 62. Kf8 {[%clk 0:42:12]} Be6 {[%clk 0:51:50]} 63. Rh5+
{[%clk 0:40:33]} Kg6 {[%clk 0:52:16]} 64. Rh8 {[%clk 0:40:02]} Bg4
{[%clk 0:52:45]} 65. Rg8+ {[%clk 0:39:18]} Kh5 {[%clk 0:53:01]} 66. Kxf7
{[%clk 0:39:27]} Kxh4 {[%clk 0:53:27]} 67. Kf6 {[%clk 0:39:51]} Kg3
{[%clk 0:53:10]} 68. Kg5 {[%clk 0:40:08]} Bd7 {[%clk 0:53:00]} 69. Rd8
{[%clk 0:40:28]} Bc6 {[%clk 0:53:11]} 70. Rd3+ {[%clk 0:40:55]} Kf2
{[%clk 0:53:36]} 71. Kf4 {[%clk 0:41:05]} Ke2 {[%clk 0:54:02]} 72. Rc3
{[%clk 0:40:55]} Bb7 {[%clk 0:54:29]} 73. Rb3 {[%clk 0:39:36]} Ba8
{[%clk 0:54:52]} 74. Rb8 {[%clk 0:39:32]} Bc6 {[%clk 0:55:16]} 75. Ke5
{[%clk 0:39:50]} Kd3 {[%clk 0:55:33]} 76. Rb3+ {[%clk 0:40:03]} Kc4
{[%clk 0:55:57]} 77. Rb1 {[%clk 0:40:30]} Bg2 {[%clk 0:56:21]} 78. Rc1+
{[%clk 0:39:50]} Kd3 {[%clk 0:56:46]} 79. Kf4 {[%clk 0:40:05]} Ba8
{[%cl